Louisiana General Knowledge - Statistics

General Stats
  • This quiz has been taken 179 times
  • The average score is 11 of 15
Answer Stats
Hint Answer % Correct
Major city near the Gulf of Mexico New Orleans
98%
Capital city with lots of Creole culture Baton Rouge
96%
Nickname: ______ State (Bird) Pelican
94%
Theres over 2 million of this animal in Louisianas swamps Alligator
92%
Fried chicken restaurant that started in New Orleans Popeyes
92%
Iconic trumpeter and jazz artist from the above city Louis Armstrong
88%
Popular style of cuisine, Usually spicy Cajun
87%
Famous historic district in New Orleans French Quarter
85%
Northern city near the Texas border Shreveport
84%
Famous street that runs through above district Bourbon Street
78%
Southern Louisiana city, University of Louisiana Lafayette
58%
Famous talk show host from Metairie Ellen DeGeneres
51%
French colonists who settled in Louisiana Acadians
43%
National Forest known for its pine trees Kisatchie
21%
Telecommunications company HQed in Monroe CenturyLink
11%
No matching quizzes found
Score Distribution
Percent of People with Each Score
Percentile by Number Answered
Your Score History
You have not taken this quiz